000 00211nam a22000977a 4500
041 _aeng
080 _a80
100 _aWasilevska, D., Karolak, S.
245 _aПобеседуйте с нами.
999 _c280913
_d280913
942 _cBK